000
00306nam a22001337a 4500
020
_a
978-0-273-78998-7
082
_a
338.5
100
_a
Perloff, Jeffrey M.
245
_a
Microeconomics with Calculus
250
_a
3rd
260
_a
Harlow::
_b
Pearson,
_c
2014
300
_a
800p.: ill.; 25cm
942
_c
BK
999
_c
22167
_d
22167